000 00318nam a2200121 a 4500
001 4140
005 20140414132033.0
008 090218s19uu xx 00 eng d
050 _aTR
_bL52 2001
100 _aNilsen, Anna
245 _aLet's learn colours :
_ba fun flip activity book to play together.
999 _c113669
_d113669